Aviacionnyje gazoturbinnyje dvigateli : teorija i rabočij process /

Uložené v:
Podrobná bibliografia
Hlavný autor: Inozemcev, N. V. (Author)
Médium: Kniha
Jazyk:Russian
Vydané: Moskva, : Oborongiz, 1955.
Vydanie:1. izd.
ISBN: (viaz.)
Fyzický popis: 352 s. : tab.
Tagy: Pridať tag
Žiadne tagy, Buďte prvý kto otaguje tento záznam!

MARC

LEADER 00000nam a2200000 a 4500
001 000209607
005 20100923195328.0
008 010518s1955 ru f 000 0 rus d
020 |a (viaz.)  |c Kčs 11,20 
040 |a SVKKK  |b slo  |c SVKKK  |e AACR2 
041 0 |a rus 
044 |a ru  |c RU 
100 1 |a Inozemcev, N. V.  |4 aut 
245 1 0 |a Aviacionnyje gazoturbinnyje dvigateli :  |b teorija i rabočij process /  |c N. V. Inozemcev. 
250 |a 1. izd. 
260 |a Moskva, :  |b Oborongiz,  |c 1955. 
300 |a 352 s. :  |b tab. 
910 |a svkkk 
998 |a BK 
090 |g SCKHL  |k Sklad Pribinova 3. posch.  |a V.11821  |j 114421  |i 209607-10  |4 Zastaraná  |s Vyradená